El tractat "De regimine principum" de l'Infant Fra Pere d'Aragó / (Record no. 117558)
[ view plain ]
| 000 -LEADER | |
|---|---|
| campo de control de longitud fija | 00841nam a2200217 i 4500 |
| 001 - NÚMERO DE CONTROL | |
| campo de control | 117558 |
| 003 - IDENTIFICADOR DE NÚMERO DE CONTROL | |
| campo de control | ES-MaACL |
| 005 - FECHA Y HORA DE LA ÚLTIMA TRANSACCIÓN | |
| campo de control | 20250730230750.0 |
| 007 - CAMPO FIJO DE DESCRIPCIÓN FÍSICA--INFORMACIÓN GENERAL | |
| campo de control de longitud fija | t| |
| 008 - DATOS DE LONGITUD FIJA--INFORMACIÓN GENERAL | |
| campo de control de longitud fija | 070214s1927 sp r ||||1| cat d |
| 100 0# - ENTRADA PRINCIPAL--NOMBRE DE PERSONA | |
| Nombre de persona | Pedro, |
| Títulos y otros términos asociados al nombre | Infante de Aragón, |
| Fechas asociadas al nombre | 1305-1380 |
| 9 (RLIN) | 171505 |
| 245 13 - MENCIÓN DEL TÍTULO | |
| Título | El tractat "De regimine principum" de l'Infant Fra Pere d'Aragó / |
| Mención de responsabilidad, etc. | [edició y comentari de] Ferran Valls i Taberner. |
| 260 ## - PUBLICACIÓN, DISTRIBUCIÓN, ETC. | |
| Lugar de publicación, distribución, etc. | Barcelona : |
| Nombre del editor, distribuidor, etc. | Editorial Franciscana, |
| Fecha de publicación, distribución, etc. | 1927 ( |
| Fabricante | Imp. Altés) |
| 300 ## - DESCRIPCIÓN FÍSICA | |
| Extensión | 64 p. ; |
| Dimensiones | 24 cm. |
| 595 ## - | |
| -- | Separata de: "Estudis fanciscans", v. 37, p. 271-287, 432-450 ; v. 38, p. 107-119 y 199-209. |
| 650 ## - PUNTO DE ACCESO ADICIONAL DE MATERIA--TÉRMINO DE MATERIA | |
| Término de materia o nombre geográfico como elemento de entrada | Educación de príncipes- |
| Subdivisión de forma | Obras anteriores a 1800. |
| 9 (RLIN) | 141555 |
| 700 1# - ENTRADA AGREGADA--NOMBRE PERSONAL | |
| Nombre de persona | Valls i Taberner, Ferran. |
| 9 (RLIN) | 112942 |
| 740 02 - ENTRADA AGREGADA--TÍTULO RELACIONADO/ANALÍTICO NO CONTROLADO | |
| Título relacionado o analítico no controlado | De regimine principum. |
| 852 ## - LOCALIZACIÓN | |
| Ubicación | ES-MaACL |
| Número de control de estantería | 1758-F-7 |
| Estatus retirado | Estado de pérdida | Estado de daño | No para préstamo | Colección | Biblioteca de origen | Biblioteca actual | Ubicación en estantería | Fecha de adquisición | Fuente de adquisición | Total de préstamos | Signatura topográfica completa | Código de barras | Visto por última vez | Precio de reemplazo | Tipo de ítem Koha |
|---|---|---|---|---|---|---|---|---|---|---|---|---|---|---|---|
| Colección de folletos | Biblioteca del Ateneo de Madrid | Biblioteca del Ateneo de Madrid | Depósito folletos | 17/01/2008 | 1758-F-7 | 1122563 | 23/02/2023 | 23/02/2023 | Folleto |
